[Event "CRO-ch U13 Girls"]
[Site "Trogir"]
[Date "2020.08.25"]
[Round "3"]
[White "Begic, Klara"]
[Black "Bilicic, Alma"]
[Result "1-0"]
[WhiteElo "1563"]
[BlackElo "1665"]
[PlyCount "57"]
[EventDate "2020.08.24"]
[EventType "tourn"]
[EventRounds "9"]
[EventCountry "CRO"]
[SourceTitle "CBM 198 Extra"]
[Source "ChessBase"]
[SourceDate "2020.11.30"]
[SourceVersion "1"]
[SourceVersionDate "2020.11.30"]
[SourceQuality "1"]

1. d4 d5 2. c4 dxc4 3. e3 Nf6 4. Bxc4 e6 5. Nf3 Nc6 6. 0-0 Bd6 7. Nc3 0-0 8. e4 Ng4 9. h3 Nh6 10. Bxh6 gxh6 11. e5 Be7 12. Re1 f5 13. a3 a6 14. d5 exd5 15. Nxd5 Kh8 16. Nxe7 Qxe7 17. Qd2 Be6 18. Bd3 Bd5 19. Qxh6 Rg8 20. Qe3 Bxf3 21. Qxf3 Nxe5 22. Qxf5 Rg5 23. Rxe5 Qg7 24. Qxg5 Qxg5 25. Rxg5 h6 26. Rd5 c6 27. Rd7 Rb8 28. Rh7+ Kg8 29. Rxh6 1-0

[Event "CRO-ch U13 Girls"]
[Site "Trogir"]
[Date "2020.08.24"]
[Round "1"]
[White "Zovko, Josipa"]
[Black "Bilicic, Alma"]
[Result "1-0"]
[WhiteElo "1358"]
[BlackElo "1665"]
[PlyCount "77"]
[EventDate "2020.08.24"]
[EventType "tourn"]
[EventRounds "9"]
[EventCountry "CRO"]
[SourceTitle "CBM 198 Extra"]
[Source "ChessBase"]
[SourceDate "2020.11.30"]
[SourceVersion "1"]
[SourceVersionDate "2020.11.30"]
[SourceQuality "1"]

1. e4 e5 2. Nf3 Nc6 3. Bb5 a6 4. Ba4 b5 5. Bb3 Nf6 6. d3 h6 7. c3 Bc5 8. 0-0 0-0 9. Nbd2 d6 10. Re1 Ng4 11. Rf1 Be6 12. h3 Nf6 13. Re1 d5 14. exd5 Nxd5 15. Nxe5 Nxe5 16. Rxe5 c6 17. d4 Qf6 18. Qf3 Qg6 19. dxc5 Rad8 20. Nf1 Rfe8 21. c4 bxc4 22. Bxc4 Nb6 23. Bxe6 fxe6 24. cxb6 Rd5 25. Rxd5 exd5 26. Bf4 Qc2 27. b7 Qxb2 28. b8Q Rxb8 29. Bxb8 Qxa1 30. Bd6 Qxa2 31. Qf8+ Kh7 32. Be5 Kg6 33. Qxg7+ Kf5 34. Ng3+ Ke6 35. Qf6+ Kd7 36. Qd6+ Ke8 37. Nf5 Kf7 38. Qf6+ Ke8 39. Qe7# 1-0